<?xml version="1.0" encoding="UTF-8"?>
<record
    xmlns:xsi="http://www.w3.org/2001/XMLSchema-instance"
    xsi:schemaLocation="http://www.loc.gov/MARC21/slim http://www.loc.gov/standards/marcxml/schema/MARC21slim.xsd"
    xmlns="http://www.loc.gov/MARC21/slim">

  <leader>00875nam a22002417a 4500</leader>
  <controlfield tag="003">OSt</controlfield>
  <controlfield tag="005">20150408114039.0</controlfield>
  <controlfield tag="008">120524s2011    ua a   g      00| 0 ara d</controlfield>
  <datafield tag="020" ind1=" " ind2=" ">
    <subfield code="a">9789776298460</subfield>
  </datafield>
  <datafield tag="040" ind1=" " ind2=" ">
    <subfield code="c">MU</subfield>
  </datafield>
  <datafield tag="082" ind1="0" ind2="4">
    <subfield code="2">21</subfield>
    <subfield code="a">658.3124</subfield>
    <subfield code="b">&#x633; &#x645; &#x62A;</subfield>
  </datafield>
  <datafield tag="100" ind1="1" ind2=" ">
    <subfield code="a">&#x633;&#x627;&#x644;&#x645;&#x60C; &#x645;&#x62D;&#x645;&#x648;&#x62F; &#x64A;&#x62D;&#x64A;&#x649;.</subfield>
    <subfield code="9">14928</subfield>
  </datafield>
  <datafield tag="245" ind1="1" ind2="0">
    <subfield code="a">&#x62A;&#x646;&#x645;&#x64A;&#x629; &#x627;&#x644;&#x645;&#x648;&#x627;&#x631;&#x62F; &#x627;&#x644;&#x628;&#x634;&#x631;&#x64A;&#x629; =</subfield>
    <subfield code="b">Human resources development /</subfield>
    <subfield code="c">&#x62A;&#x623;&#x644;&#x64A;&#x641; &#x645;&#x62D;&#x645;&#x648;&#x62F; &#x64A;&#x62D;&#x64A;&#x649; &#x633;&#x627;&#x644;&#x645;.</subfield>
  </datafield>
  <datafield tag="246" ind1="3" ind2="1">
    <subfield code="a">Human resources development</subfield>
  </datafield>
  <datafield tag="250" ind1=" " ind2=" ">
    <subfield code="a">&#x637;. 1.</subfield>
  </datafield>
  <datafield tag="260" ind1=" " ind2=" ">
    <subfield code="a">&#x627;&#x644;&#x642;&#x627;&#x647;&#x631;&#x629; :</subfield>
    <subfield code="b">&#x627;&#x644;&#x645;&#x62C;&#x645;&#x648;&#x639;&#x629; &#x627;&#x644;&#x639;&#x631;&#x628;&#x64A;&#x629; &#x644;&#x644;&#x62A;&#x62F;&#x631;&#x64A;&#x628; &#x648;&#x627;&#x644;&#x646;&#x634;&#x631;&#x60C;</subfield>
    <subfield code="c">2012.</subfield>
  </datafield>
  <datafield tag="300" ind1=" " ind2=" ">
    <subfield code="a">170 &#x635;. &#x61B;</subfield>
    <subfield code="c">24 &#x633;&#x645;.</subfield>
  </datafield>
  <datafield tag="650" ind1=" " ind2="4">
    <subfield code="a">&#x627;&#x644;&#x62A;&#x646;&#x645;&#x64A;&#x629; &#x627;&#x644;&#x625;&#x62F;&#x627;&#x631;&#x64A;&#x629;.</subfield>
    <subfield code="9">14929</subfield>
  </datafield>
  <datafield tag="650" ind1=" " ind2="4">
    <subfield code="a">&#x627;&#x644;&#x645;&#x648;&#x627;&#x631;&#x62F; &#x627;&#x644;&#x628;&#x634;&#x631;&#x64A;&#x647;.</subfield>
    <subfield code="9">14930</subfield>
  </datafield>
  <datafield tag="650" ind1=" " ind2="4">
    <subfield code="a">&#x627;&#x644;&#x62A;&#x62F;&#x631;&#x64A;&#x628; &#x627;&#x644;&#x625;&#x62F;&#x627;&#x631;&#x64A;.</subfield>
    <subfield code="9">14931</subfield>
  </datafield>
  <datafield tag="650" ind1=" " ind2="4">
    <subfield code="a">&#x625;&#x62F;&#x627;&#x631;&#x629; &#x627;&#x644;&#x623;&#x641;&#x631;&#x627;&#x62F;.</subfield>
    <subfield code="9">12283</subfield>
  </datafield>
  <datafield tag="942" ind1=" " ind2=" ">
    <subfield code="2">ddc</subfield>
    <subfield code="c">DVD</subfield>
  </datafield>
  <datafield tag="999" ind1=" " ind2=" ">
    <subfield code="c">23668</subfield>
    <subfield code="d">258168</subfield>
  </datafield>
  <datafield tag="952" ind1=" " ind2=" ">
    <subfield code="1">0</subfield>
    <subfield code="2">2013-03-10</subfield>
    <subfield code="4">0</subfield>
    <subfield code="7">0</subfield>
    <subfield code="a">658.3124 &#x633; &#x645; &#x62A;</subfield>
    <subfield code="c">&#x646; 1</subfield>
    <subfield code="d">2012-05-24</subfield>
    <subfield code="h">CL</subfield>
    <subfield code="i">00103041</subfield>
    <subfield code="m">CL</subfield>
    <subfield code="r">2013-03-10 00:00:00</subfield>
    <subfield code="t">BOOK</subfield>
    <subfield code="w">ddc</subfield>
    <subfield code="y">0</subfield>
  </datafield>
  <datafield tag="952" ind1=" " ind2=" ">
    <subfield code="1">0</subfield>
    <subfield code="2">2013-03-10</subfield>
    <subfield code="4">0</subfield>
    <subfield code="7">0</subfield>
    <subfield code="a">658.3124 &#x633; &#x645; &#x62A;</subfield>
    <subfield code="c">&#x646; 2</subfield>
    <subfield code="d">2012-05-24</subfield>
    <subfield code="h">CL</subfield>
    <subfield code="i">00103042</subfield>
    <subfield code="m">CL</subfield>
    <subfield code="r">2013-03-10 00:00:00</subfield>
    <subfield code="t">BOOK</subfield>
    <subfield code="w">ddc</subfield>
    <subfield code="y">0</subfield>
  </datafield>
  <datafield tag="952" ind1=" " ind2=" ">
    <subfield code="1">0</subfield>
    <subfield code="2">2013-03-10</subfield>
    <subfield code="4">0</subfield>
    <subfield code="7">0</subfield>
    <subfield code="a">658.3124 &#x633; &#x645; &#x62A;</subfield>
    <subfield code="c">&#x646; 3</subfield>
    <subfield code="d">2012-05-24</subfield>
    <subfield code="h">CL</subfield>
    <subfield code="i">00103043</subfield>
    <subfield code="m">CL</subfield>
    <subfield code="o">1</subfield>
    <subfield code="q">2024-05-09</subfield>
    <subfield code="r">2024-05-23 00:00:00</subfield>
    <subfield code="t">BOOK</subfield>
    <subfield code="w">ddc</subfield>
    <subfield code="y">1</subfield>
  </datafield>
  <datafield tag="952" ind1=" " ind2=" ">
    <subfield code="1">0</subfield>
    <subfield code="2">2013-03-10</subfield>
    <subfield code="4">0</subfield>
    <subfield code="7">0</subfield>
    <subfield code="a">658.3124 &#x633; &#x645; &#x62A;</subfield>
    <subfield code="c">&#x646; 1</subfield>
    <subfield code="d">2012-05-24</subfield>
    <subfield code="h">IC</subfield>
    <subfield code="i">00103044</subfield>
    <subfield code="m">IC</subfield>
    <subfield code="o">1</subfield>
    <subfield code="q">2020-09-07</subfield>
    <subfield code="r">2020-11-12 00:00:00</subfield>
    <subfield code="t">BOOK</subfield>
    <subfield code="w">ddc</subfield>
    <subfield code="y">4</subfield>
  </datafield>
  <datafield tag="952" ind1=" " ind2=" ">
    <subfield code="1">0</subfield>
    <subfield code="2">2013-03-10</subfield>
    <subfield code="4">0</subfield>
    <subfield code="7">0</subfield>
    <subfield code="a">658.3124 &#x633; &#x645; &#x62A;</subfield>
    <subfield code="c">&#x646; 1</subfield>
    <subfield code="d">2012-05-24</subfield>
    <subfield code="h">SRM</subfield>
    <subfield code="i">00103046</subfield>
    <subfield code="m">SRM</subfield>
    <subfield code="r">2013-03-10 00:00:00</subfield>
    <subfield code="t">BOOK</subfield>
    <subfield code="w">ddc</subfield>
    <subfield code="y">0</subfield>
  </datafield>
  <datafield tag="952" ind1=" " ind2=" ">
    <subfield code="1">0</subfield>
    <subfield code="2">2013-03-10</subfield>
    <subfield code="4">0</subfield>
    <subfield code="7">0</subfield>
    <subfield code="a">658.3124 &#x633; &#x645; &#x62A;</subfield>
    <subfield code="c">&#x646; 2</subfield>
    <subfield code="d">2012-05-24</subfield>
    <subfield code="h">SRM</subfield>
    <subfield code="i">00103047</subfield>
    <subfield code="m">SRM</subfield>
    <subfield code="r">2013-03-10 00:00:00</subfield>
    <subfield code="t">BOOK</subfield>
    <subfield code="w">ddc</subfield>
    <subfield code="y">0</subfield>
  </datafield>
  <datafield tag="952" ind1=" " ind2=" ">
    <subfield code="1">0</subfield>
    <subfield code="2">2013-03-10</subfield>
    <subfield code="4">0</subfield>
    <subfield code="7">0</subfield>
    <subfield code="a">658.3124 &#x633; &#x645; &#x62A;</subfield>
    <subfield code="c">&#x646; 1</subfield>
    <subfield code="d">2012-05-24</subfield>
    <subfield code="h">SRF</subfield>
    <subfield code="i">00103048</subfield>
    <subfield code="m">SRF</subfield>
    <subfield code="q">2017-11-16</subfield>
    <subfield code="r">2017-12-06 00:00:00</subfield>
    <subfield code="t">BOOK</subfield>
    <subfield code="w">ddc</subfield>
    <subfield code="y">1</subfield>
  </datafield>
  <datafield tag="952" ind1=" " ind2=" ">
    <subfield code="1">0</subfield>
    <subfield code="2">2013-03-10</subfield>
    <subfield code="4">0</subfield>
    <subfield code="7">0</subfield>
    <subfield code="a">658.3124 &#x633; &#x645; &#x62A;</subfield>
    <subfield code="c">&#x646; 2</subfield>
    <subfield code="d">2012-05-24</subfield>
    <subfield code="h">SRF</subfield>
    <subfield code="i">00103049</subfield>
    <subfield code="m">SRF</subfield>
    <subfield code="q">2016-02-23</subfield>
    <subfield code="r">2016-03-24 00:00:00</subfield>
    <subfield code="t">BOOK</subfield>
    <subfield code="w">ddc</subfield>
    <subfield code="y">1</subfield>
  </datafield>
</record>
